000 02179cam a22004694i 4500
003 PE-LiUPU
005 20250731173357.0
008 150706s r 000 0 d
020 _a9780800662325
035 _a(Sirsi) i9780800662325
040 _aPE-LiUPU
_bspa
_cPE-LiUPU
_erda
049 _aPRUA
082 0 4 _a230.046
_bA47
_221
100 1 _aAllen, Ronald J.,
_eautor.
245 1 0 _aThinking theologically :
_bthe preacher as theologian /
_cRonald J. Allen.
264 1 _aMinneapolis :
_bFortress Press,
_c2008.
300 _a96 páginas ;
_c22 centímetros
336 _atext
_2rdacontent
337 _aunmediated
_2rdamedia
338 _avolume
_2rdacarrier
505 0 _aTheology and preaching -- Theology shapes preaching -- Historic theologies still shape preaching -- The enlightenment -- Theological movements in the enlightenment tradition -- Liberal theology and preaching -- Theology of mutual critical correlation and preaching -- Process theology and preaching -- Theological movements that react against the enlightenment -- Evangelical Theology and Preaching -- Neoorthodox theology and preaching -- Postliberal theology and preaching -- Other theologies and preaching -- Theological movements arising from contextual concerns -- Liberation theologies and preaching -- Ethnic theologies and preaching.
526 _aSEG42
526 _aSEG41
526 _aSEG40
526 _aSEG39
526 _aP94
526 _aP87
526 _aP86
526 _aP85
526 _aP77
526 _aP76
526 _aP35
541 _g9780800634391;
650 0 4 _aEvangelización.
650 0 4 _aTeología
_xHistoria
_ySiglo XX.
910 _agl
_bjv
_clch
_d20110209
942 _2ddc
_cBOOK
949 _a230.046 A47
_wDEWEY
_c1
_i62387
_lCCODEBUL1
_mBUL
_p11.00
_r0
_sY
_tBOOK
_u2015-7-6
_xTEOLOGIA
_PP35
_0COMPRA
_o.STAFF. Colección General
994 _aC0
_bPEPRU
596 _a1
999 _a230.046 A47
_wDEWEY
_c51416
_i62387
_f2021-11-9
_g6
_lCCODEBUL1
_mBUL
_p11.00
_r0
_sY
_tBOOK
_u2015-7-6
_xTEOLOGIA
_PP35
_0COMPRA
_o.STAFF. Colección General
_d51416
980 _81
_gALBERTO SANCHEZ Responsable de Automatización